000
00318nam a2200133Ia 4500
005
20260328104309.0
008
260328s9999||||xx |||||||||||||| ||und||
100
_a
Broto, Carles
245
0
_a
DiseƱo de Hoteles 1000 Ideas /
_c
Carles Broto
260
_b
Links
300
_a
353 p.
650
_a
HOTELES
942
_c
BK
999
_c
10894
_d
10894